Best-Selling Nintendo Games - Statistics

General Stats
  • This quiz has been taken 182 times
    42 since last reset
  • The average score is 134 of 225
Answer Stats
Hint Answer % Correct
N64 Mario Kart 64
100%
3DS Mario Kart 7
100%
Wii U Mario Kart 8
100%
Switch Mario Kart 8 Deluxe
100%
GCN Mario Kart: Double Dash!!
100%
DS Mario Kart DS
100%
GBA Mario Kart: Super Circuit
100%
Wii Mario Kart Wii
100%
Switch 2 Mario Kart World
100%
NES Super Mario Bros.
100%
SNES Super Mario Kart
100%
GB/GBC Donkey Kong
91%
N64 Donkey Kong 64
91%
Switch 2 Donkey Kong Bananza
91%
GBA | SNES Donkey Kong Country
91%
SNES Donkey Kong Country 2: Diddy's Kong Quest
91%
SNES Donkey Kong Country 3: Dixie Kong's Double Trouble!
91%
Wii Donkey Kong Country Returns
91%
Wii U Donkey Kong Country: Tropical Freeze
91%
GB/GBC Donkey Kong Land
91%
DS New Super Mario Bros.
91%
3DS New Super Mario Bros. 2
91%
Wii U New Super Mario Bros. U
91%
Switch New Super Mario Bros. U Deluxe
91%
Wii New Super Mario Bros. Wii
91%
Switch Super Mario Bros. Wonder
91%
SNES Super Mario World 2: Yoshi's Island
91%
Switch | Wii U The Legend of Zelda: Breath of the Wild
91%
N64 The Legend of Zelda: Majora's Mask
91%
N64 The Legend of Zelda: Ocarina of Time
91%
3DS The Legend of Zelda: Ocarina of Time 3D
91%
GBA Yoshi's Island: Super Mario Advance 3
91%
Wii U Hyrule Warriors
88%
Switch 2 Hyrule Warriors: Age of Imprisonment
88%
Wii Link's Crossbow Training
88%
3DS Pokemon X | Pokemon Y
88%
Wii Super Mario Galaxy
88%
Switch Super Mario Odyssey
88%
SNES Super Mario World
88%
NES The Legend of Zelda
88%
3DS The Legend of Zelda: A Link Between Worlds
88%
SNES The Legend of Zelda: A Link to the Past
88%
GBA The Legend of Zelda: A Link to the Past and Four Swords
88%
GB/GBC The Legend of Zelda: Link's Awakening
88%
GB/GBC The Legend of Zelda: Oracle of Seasons | The Legend of Zelda: Oracle of Ages
88%
DS The Legend of Zelda: Phantom Hourglass
88%
Switch The Legend of Zelda: Tears of the Kingdom
88%
GBA The Legend of Zelda: The Minish Cap
88%
GCN The Legend of Zelda: The Wind Waker
88%
Wii U The Legend of Zelda: The Wind Waker HD
88%
GCN | Wii The Legend of Zelda: Twilight Princess
88%
Wii U The Legend of Zelda: Twilight Princess HD
88%
Wii Wii Sports
88%
Wii Wii Sports Resort
88%
NES Zelda II: The Adventure of Link
88%
DS Pokemon Black 2 | Pokemon White 2
85%
DS Pokemon Black | Pokemon White
85%
Switch Pokemon Brilliant Diamond | Pokemon Shining Pearl
85%
GCN Pokemon Colosseum
85%
DS Pokemon Diamond | Pokemon Pearl
85%
GBA Pokemon Emerald
85%
GBA Pokemon FireRed | Pokemon LeafGreen
85%
GB/GBC Pokemon Gold | Pokemon Silver | Pokemon Crystal
85%
DS Pokemon HeartGold | Pokemon SoulSilver
85%
Switch Pokemon Legends: Arceus
85%
Switch 2 Pokemon Legends: Z-A
85%
Switch Pokemon: Let's Go, Pikachu! | Pokemon: Let's Go, Eevee!
85%
DS Pokemon Mystery Dungeon: Explorers of Time | Pokemon Mystery Dungeon: Explorers of Darkness
85%
GBA Pokemon Mystery Dungeon: Red Rescue Team
85%
3DS Pokemon Omega Ruby | Pokemon Alpha Sapphire
85%
GB/GBC Pokemon Pinball
85%
DS Pokemon Platinum
85%
GB/GBC Pokemon Red | Pokemon Green | Pokemon Blue | Pokemon Yellow
85%
GBA Pokemon Ruby | Pokemon Sapphire
85%
Switch Pokemon Scarlet | Pokemon Violet
85%
N64 Pokemon Snap
85%
N64 Pokemon Stadium
85%
N64 Pokemon Stadium 2
85%
3DS Pokemon Sun | Pokemon Moon
85%
Switch Pokemon Sword | Pokemon Shield
85%
GB/GBC Pokemon Trading Card Game
85%
3DS Pokemon Ultra Sun | Pokemon Ultra Moon
85%
N64 Super Mario 64
85%
DS Super Mario 64 DS
85%
NES Super Mario Bros. 2
85%
NES Super Mario Bros. 3
85%
Wii Super Mario Galaxy 2
85%
GB/GBC Super Mario Land
85%
N64 Super Smash Bros.
85%
Wii Super Smash Bros. Brawl
85%
3DS Super Smash Bros. for Nintendo 3DS
85%
Wii U Super Smash Bros. for Wii U
85%
GCN Super Smash Bros. Melee
85%
Switch Super Smash Bros. Ultimate
85%
GBA NES Classics Series: Super Mario Bros.
82%
3DS Super Mario 3D Land
82%
Wii U Super Mario 3D World
82%
Switch Super Mario 3D World + Bowser's Fury
82%
GBA Super Mario Advance
82%
GBA Super Mario Advance 4: Super Mario Bros. 3
82%
SNES Super Mario All-Stars
82%
GB/GBC Super Mario Bros. Deluxe
82%
NES Super Mario Bros.: The Lost Levels
82%
GB/GBC Super Mario Land 2: 6 Golden Coins
82%
GCN Super Mario Sunshine
82%
GBA Super Mario World: Super Mario Advance 2
82%
GCN Animal Crossing
79%
3DS Animal Crossing: Happy Home Designer
79%
Switch Animal Crossing: New Horizons
79%
3DS Animal Crossing: New Leaf
79%
DS Animal Crossing: Wild World
79%
N64 Mario Party
79%
Wii U Mario Party 10
79%
N64 Mario Party 2
79%
GCN Mario Party 4
79%
GCN Mario Party 5
79%
GCN Mario Party 6
79%
GCN Mario Party 7
79%
Wii Mario Party 8
79%
DS Mario Party DS
79%
Switch Mario Party Superstars
79%
Switch Super Mario Party
79%
Switch 2 Kirby Air Riders
76%
GBA Kirby: Nightmare in Dream Land
76%
GB/GBC Kirby's Dream Land
76%
NES Metroid
70%
GCN Metroid Prime
70%
Wii U Splatoon
61%
Switch Splatoon 2
61%
GB/GBC | NES Tetris
58%
GCN Luigi's Mansion
52%
Switch Luigi's Mansion 3
52%
3DS Luigi's Mansion: Dark Moon
52%
GB/GBC Yoshi
52%
N64 Yoshi's Story
52%
Wii U Yoshi's Woolly World
52%
SNES Star Fox
48%
N64 Star Fox 64
48%
GCN Star Fox Adventures
48%
Wii Wii Fit
45%
Wii Wii Fit Plus
45%
GCN Sonic Adventure 2: Battle
42%
GCN Sonic Adventure DX: Director's Cut
42%
SNES F-Zero
39%
NES Golf
39%
GCN Pikmin
39%
Wii U Pikmin 3
39%
DS Nintendogs
36%
3DS Nintendogs + Cats
36%
GB/GBC | NES Dr. Mario
30%
NES Duck Hunt
30%
SNES Final Fantasy V
27%
SNES Final Fantasy VI
27%
Wii Just Dance 2
27%
Wii Just Dance 3
27%
Wii Mario & Sonic at the Olympic Games
27%
Wii Mario & Sonic at the Olympic Winter Games
27%
NES Punch-Out!!
27%
Wii U Super Mario Maker
27%
3DS Super Mario Maker for Nintendo 3DS
27%
Wii Wii Play
27%
N64 Banjo-Kazooie
24%
N64 GoldenEye 007
24%
GCN Paper Mario: The Thousand-Year Door
24%
Switch Ring Fit Adventure
24%
DS Mario & Luigi: Bowser's Inside Story
21%
GBA Mario & Luigi: Superstar Saga
21%
Wii U Nintendo Land
21%
Wii Wii Party
21%
Wii U Wii Party U
21%
N64 Diddy Kong Racing
18%
GCN Resident Evil 4
18%
3DS Tomodachi Life
18%
DS Brain Age 2: More Training in Minutes a Day!
15%
DS Brain Age: Train Your Brain in Minutes a Day!
15%
Wii U Captain Toad: Treasure Tracker
15%
DS | Wii Lego Star Wars: The Complete Saga
15%
Switch Nintendo Switch Sports
15%
GBA Pac-Man Collection
15%
N64 Star Wars Episode I: Racer
15%
N64 Star Wars: Shadows of the Empire
15%
GCN Super Mario Strikers
15%
NES Baseball
12%
NES Dragon Quest II
12%
NES Dragon Quest III
12%
NES Dragon Quest IV
12%
DS Dragon Quest IX: Sentinels of the Starry Skies
12%
SNES Dragon Quest V
12%
SNES Dragon Quest VI
12%
NES Excitebike
12%
N64 Perfect Dark
12%
SNES Street Fighter II: The World Warrior
12%
SNES Street Fighter II Turbo: Hyper Fighting
12%
GBA Wario Land 4
12%
GB/GBC Wario Land: Super Mario Land 3
12%
SNES Chrono Trigger
9%
Wii U Lego City Undercover
9%
3DS Monster Hunter 4
9%
3DS Monster Hunter 4 Ultimate
9%
3DS Monster Hunter Generations
9%
Wii U New Super Luigi U
9%
DS Professor Layton and the Curious Village
9%
NES Teenage Mutant Ninja Turtles
9%
3DS Yo-kai Watch 2
9%
Wii U Pokken Tournament
6%
SNES Super Mario RPG
6%
N64 Wave Race 64
6%
GBA Finding Nemo
3%
SNES Killer Instinct
3%
SNES Mario Paint
3%
GB/GBC Yu-Gi-Oh! Dark Duel Stories
3%
GB/GBC Yu-Gi-Oh! Duel Monsters 4: Battle of Great Duelists
3%
GBA Yu-Gi-Oh! The Eternal Duelist Soul
3%
DS Big Brain Academy
0%
GB/GBC F1 Race
0%
NES Kung Fu
0%
GBA Namco Museum
0%
GB/GBC Tamagotchi
0%
NES World Class Track Meet
0%
No matching quizzes found
Score Distribution
Percent of People with Each Score
Percentile by Number Answered
Your Score History
You have not taken this quiz since the last reset